| 000 | 01659nam0a2200325 4500 | ||
|---|---|---|---|
| 001 | RU\NLR\bibl\1238419 | ||
| 005 | 20250615120340.0 | ||
| 010 |
_a978-5-17-043564-7 _bАСТ)(Ориг. |
||
| 010 |
_a978-5-271-16644-0 _bАстрель |
||
| 010 |
_a978-5-17-045243-9 _bАСТ)(ШзШ |
||
| 010 |
_a978-5-271-17422-3 _bАстрель _92500 |
||
| 021 |
_aRU _b2008-27680 _91531 |
||
| 035 | _a(NLR Aleph) 001224635 | ||
| 090 |
_a160129 _c160129 |
||
| 100 | _a20080607d2007 |||y0rusy50 ca | ||
| 101 | 1 |
_arus _ceng |
|
| 102 | _aRU | ||
| 105 | _aa ||||||||| | ||
| 200 | 1 |
_aВеликие моменты в истории секса _e[более 1000 коротких, но увлекательных рассказов с иллюстрациями и пикантными подробностями об интересных людях, технических приспособлениях, произведениях мировой литературы, песнях, фильмах, рекламе и других удивительных фактах, шутках и странностях из истории секса] _fШерил Рилли _g[пер. с англ. Кулаковой Василисы Константиновна] |
|
| 210 |
_aМосква _cАСТ _cАстрель _d2007 |
||
| 215 |
_a287,[1] с. _cил. _d22 |
||
| 606 | 1 |
_aСексуальные отношения _xИстория _92302777 _3RU\NLR\auth\661378583 |
|
| 686 | _aТ3(0)0-75 | ||
| 686 | _aС550.53 | ||
| 700 | 1 |
_aРилли _bШ. _gШерил _4070 |
|
| 801 | 0 |
_aRU _bNLR _c20080607 _gRCR |
|
| 801 | 1 |
_aRU _bNLR _c20080607 |
|
| 942 | _cBOOK | ||
| 980 | _aNB | ||